[Event "Venice Province-ch 82nd"]
[Site "Mestre"]
[Date "2023.01.27"]
[Round "1.8"]
[White "Rizzo, Nicodemo"]
[Black "Zanata, Domenico"]
[Result "1-0"]
[WhiteElo "1472"]
[BlackElo "1171"]
[PlyCount "69"]
[EventDate "2023.01.27"]
[EventType "swiss"]
[EventRounds "5"]
[EventCountry "ITA"]
[SourceTitle "EXT 2024"]
[Source "ChessBase"]
[SourceDate "2023.10.10"]
[SourceVersion "1"]
[SourceVersionDate "2023.10.10"]
[SourceQuality "1"]

1. d4 d5 2. c4 Nf6 3. e3 e6 4. Nf3 Bd6 5. Be2 b6 6. Nc3 Bd7 7. Bd2 c5 8. 0-0 Bc6 9. cxd5 cxd4 10. Nxd4 Bxh2+ 11. Kxh2 Qd6+ 12. Kg1 Bd7 13. dxe6 fxe6 14. Bf3 e5 15. Ndb5 Qc5 16. Bxa8 a6 17. Na3 Qb4 18. Qb3 Qh4 19. f3 Nh5 20. Qc4 Qg5 21. Ne4 Qg6 22. Qd5 a5 23. Qxe5+ Qe6 24. Qxh5+ g6 25. Qh2 Na6 26. Qd6 Qf7 27. Nf6+ Kd8 28. Qxb6+ Nc7 29. Bxa5 Ke7 30. Nxd7 Rxa8 31. Qxc7 Ke8 32. Qc6 Qe7 33. Nb6+ Kf7 34. Qxa8 Qxe3+ 35. Rf2 1-0